书目信息 |
| 题名: |
舞台速写技艺谈
|
|
| 作者: | 王维新 编 | |
| 分册: | ||
| 出版信息: | 北京 人民美术出版社 2002.03 |
|
| 页数: | 96页 | |
| 开本: | 21cm | |
| 丛书名: | 艺术表现丛书 | |
| 单 册: | ||
| 中图分类: | J214 | |
| 科图分类: | ||
| 主题词: | 舞台动作--速写--技法(美术) , 舞台动作 , 速写 , 技法(美术) | |
| 电子资源: | ||
| ISBN: | 7-102-01992-0 | |
| 000 | 00931oam2 2200289 45 | |
| 001 | 012002106200 | |
| 005 | 20041010092932.73 | |
| 010 | @a7-102-01992-0@dCNY 28.00 | |
| 100 | @a20020708d2002 em y0chiy0120 ea | |
| 101 | 0 | @achi |
| 102 | @aCN@b110000 | |
| 105 | @aa z 000yy | |
| 200 | 1 | @a舞台速写技艺谈@AWu Tai Su Xie Ji Yi Tan@f王维新编 |
| 210 | @a北京@c人民美术出版社@d2002.03 | |
| 215 | @a96页@c图@d21cm | |
| 225 | 2 | @a艺术表现丛书 |
| 314 | @a王维新(1938~),浙江温州市人,1978年考入中央美术学院研究生班,1980年毕业留校任教,担任版画系铜版画工作室主任。1992年被评为中央美术学院教授,任硕士生导师等职。 | |
| 461 | 0 | @12001 @a艺术表现丛书 |
| 510 | 1 | @aArtistry in Stage Sketch@zeng |
| 606 | 0 | @a舞台动作@x速写@x技法(美术) |
| 606 | 0 | @a舞台动作 |
| 606 | 0 | @a速写 |
| 606 | 0 | @a技法(美术) |
| 690 | @aJ214@v4 | |
| 701 | 0 | @a王维新@AWang Wei Xin@4编 |
| 801 | 0 | @aCN@bCEPC@c20041010 |
| 905 | @a10447@dJ214@eW370 | |
| 舞台速写技艺谈/王维新编.-北京:人民美术出版社,2002.03 |
| 96页:图;21cm.-(艺术表现丛书) |
| ISBN 7-102-01992-0:CNY 28.00 |
| ● |
| 相关链接 |
|
|
|
正题名:舞台速写技艺谈
索取号:J214/W370
 
预约/预借
| 序号 | 登录号 | 条形码 | 馆藏地/架位号 | 状态 | 备注 |
| 1 | 398303 | 203983038 | 社科库309/309社科库 70排4列6层/ [索取号:J214/W370] | 在馆 | |
| 2 | 398304 | 203983047 | 社科库309/309社科库 70排4列6层/ [索取号:J214/W370] | 在馆 |